000 00475 a2200169 4500
003 OSt
005 20231218150428.0
008 231218b |||||||| |||| 00| 0 eng d
020 _a9789389012231
040 _coclc
082 _a891.433
_bKAN/J
100 _aKankariya, Madhu
_910172
245 _aJALKUMBHI /
_cMadhu Kankariya
260 _aNew Delhi:
_bVani Prakashan,
_c2020.
300 _a136p
942 _2ddc
_cBK
_h891.433
_iKAN/J
_k891.433
_mKAN/J
999 _c43482
_d43482